Teaching of human rights : (Record no. 123294)

MARC details
000 -LEADER
fixed length control field 00808nam a22002537a 4500
003 - CONTROL NUMBER IDENTIFIER
control field 0
005 - DATE AND TIME OF LATEST TRANSACTION
control field 20180727110632.0
008 - FIXED-LENGTH DATA ELEMENTS--GENERAL INFORMATION
fixed length control field 0
010 ## - LIBRARY OF CONGRESS CONTROL NUMBER
LC control number B-159212
020 ## - INTERNATIONAL STANDARD BOOK NUMBER
Terms of availability 550.00
International Standard Book Number 9788176296472
035 ## - SYSTEM CONTROL NUMBER
System control number B-15921, B-159217
037 ## - SOURCE OF ACQUISITION
Source of stock number/acquisition Cen Lib/Ret
040 ## - CATALOGING SOURCE
Original cataloging agency DPL
Language of cataloging EN
Transcribing agency 0
082 ## - DEWEY DECIMAL CLASSIFICATION NUMBER
Classification number 323
Item number MOH
100 ## - MAIN ENTRY--PERSONAL NAME
Personal name Mohanty, Jagannath
9 (RLIN) 83978
245 ## - TITLE STATEMENT
Title Teaching of human rights :
Statement of responsibility, etc by Jagannath Mohanty
Remainder of title new trends and innovations /
260 ## - PUBLICATION, DISTRIBUTION, ETC. (IMPRINT)
Place of publication, distribution, etc New Delhi
Name of publisher, distributor, etc Deep and Deep Publications
Date of publication, distribution, etc 2005
270 ## - ADDRESS
Address F-159, Rajouri Garden
City New Delhi
Postal code 110027
300 ## - PHYSICAL DESCRIPTION
Extent xv, 325p.
Dimensions 22cm(Hb)
500 ## - GENERAL NOTE
General note Includes bibliographical references and index
650 ## - SUBJECT ADDED ENTRY--TOPICAL TERM
Topical term or geographic name as entry element Human rights--Study and teaching
9 (RLIN) 5256
650 ## - SUBJECT ADDED ENTRY--TOPICAL TERM
Topical term or geographic name as entry element Human rights--Political aspects
9 (RLIN) 5257
942 ## - ADDED ENTRY ELEMENTS (KOHA)
Source of classification or shelving scheme Dewey Decimal Classification
Koha item type English Books
Classification part 323
Call number suffix MOH
Holdings
Withdrawn status Lost status Damaged status Not for loan Home library Current library Date acquired Source of acquisition Cost, normal purchase price Total Checkouts Full call number Barcode Date last seen Date checked out Copy number Cost, replacement price Price effective from Koha item type Source of classification or shelving scheme Collection code
        Central Library Central Library 04/06/2015 Cen Lib/Ret 550.00 2 323 MOH B-159212 27/05/2026 13/05/2026 1 550.00 15/09/2016 English Books    
        Central Library Central Library 29/07/2015 Cen Lib/Ret 550.00   323 MOH B-159213 29/07/2015   1 550.00 29/07/2015 English Books    
        Patel Nagar Patel Nagar 27/07/2018 BPPD/PUB 550.00   323 MOH B-159217 27/07/2018     550.00 27/07/2018 English Books Dewey Decimal Classification Non-fiction

© Delhi Public Library
Hit Counter
free hit counter